| 000 | 00594nam a22002177a 4500 | ||
|---|---|---|---|
| 003 | BUBTL | ||
| 008 | 160128b xxu||||| |||| 00| 0 eng d | ||
| 020 | _a978-0-07-352957-8 | ||
| 082 |
_222 _a621.3192HAE |
||
| 100 |
_9269 _aHayt, William H. |
||
| 245 |
_aEngineering Circuit Analysis _cHayt, William H. |
||
| 250 | _a8th | ||
| 260 |
_aNew Delhi _bMcgraw Hill Education _cc2012 |
||
| 300 |
_a[xxi],852 _bills,tables _c24cm |
||
| 650 | 0 |
_9270 _aEEE |
|
| 700 |
_9271 _aHayt, William H. |
||
| 760 | _b8th | ||
| 856 |
_k0 _l0 _yDownload |
||
| 942 |
_2ddc _cBK |
||
| 999 |
_c5122 _d5122 |
||